000 00531nam a2200193Ia 4500
005 20250923144426.0
008 008 250917s9999 xx 000 0 eng d
037 _aTextual
040 _aDSWL
_beng
_cDSWL
041 _aeng
_2eng
084 _aX9:948z7, J3
_qDSWL
100 _aBrown, E.H.P
_9824769
245 0 _aEconomic growth and human welfafe
_cby E.H.P Brown
260 _aDelhi
_c1953
365 _aINR
_b11.2
925 _g11.2
942 _cTEXL
_hX9:948z7, J3
999 _c1438701
_d1438701